| 000 | 00350nam a2200145Ia 4500 | ||
|---|---|---|---|
| 005 | 20251222153525.0 | ||
| 008 | 251222s9999||||xx |||||||||||||| ||spa|| | ||
| 020 | _a9500200368 | ||
| 082 | _a611.018/D76 | ||
| 100 | _aDi Fiore, Mariano | ||
| 245 | 0 | _aAtlas de HistologĂa Normal | |
| 250 | _a7ma.ed. | ||
| 264 | _bEditorial El Ateneo | ||
| 942 | _cLIB | ||
| 999 |
_c29868 _d29868 |
||